Statistiques concernant Qui est gentil ? Qui est méchant ? (Fugain)

Cliquez ici pour prendre le quiz!

Statistiques générales

  • Ce quiz a été pris 6 fois
  • Le résultat moyen est 10 sur 16

Statistiques - réponses

Réponsehint% Correct
Qui c’est qui est très gentilLes gentils
100%
Qui c’est qui est très méchantLes méchants
100%
C’est la retraite a vingt ansLes méchants
80%
C’est travail famille patrieLes gentils
80%
Ils crèveront le cœur contentLes méchants
80%
Ils crèveront le cul béniLes gentils
80%
Ils font ça n’importe quandLes méchants
80%
Ils font l’amour le samediLes gentils
80%
Pour qui t’as de l’antipathieLes gentils
60%
Pour qui t’as un gros penchantLes méchants
60%
Qui roupille au dernier rangLes méchants
60%
Qui a tous les premiers prixLes gentils
40%
Qui c’est qui vend des fusilsLes gentils
40%
Et qui gaspille son argentLes méchants
20%
Qui c’est qui s’retrouve devantLes méchants
20%
Qui fait des économiesLes gentils
20%

Distribution des résultats

Percentile par nombre de réponses

% des personnes avec chaque résultat

Votre développement - résultats

Vous n’avez pas pris ce quiz